000 01041nam a2200217 a 4500
001 56799
003 BD-RjUL
005 20211209080432.0
008 161204m1999 bg ||||| |||| 00| 0 ben d
035 _a(BD-RjUL)56923
040 _aBD-RjUL
_bben
_cBD-RjUL
_dBD-RjUL
041 _aben
082 _223
_a297.61
_bMAL 1999
245 1 0 _aমালিক আশতারের প্রতি ইমাম আলীর (রাঃ) চিঠি :
_bসংবিধান প্রণয়নের উৎস হিসাবে পরিগণিত /
_cভুমিকা ও উপশিরোনাম : আলী আনসারীয়ান
260 _aঢাকা :
_bইরানের সাংস্কৃতি কেন্দ্র,
_c১৯৮৪
300 _a৪৬ পৃ. ;
_c২১ সেমি.
650 _aইসলামী নেতা এবং তাদের কাজ
_9168856
650 _aIslamic leader and their works
_9168881
700 _aআনসারীয়ান, আলী
_9168903
942 _2ddc
_cBK
999 _c56799
_d56799